Christopher Moore, Sacré Bleu, traduit de l’anglais (États-Unis) par Luc Baranger, Paris, Gallimard, Folio, 2016, 555 pages (notice n° 1605627)
[ vue normale ]
| 000 -LEADER | |
|---|---|
| fixed length control field | 01825cam a2200181 4500500 |
| 005 - DATE AND TIME OF LATEST TRANSACTION | |
| control field | 20251228095116.0 |
| 041 ## - LANGUAGE CODE | |
| Language code of text/sound track or separate title | fre |
| 042 ## - AUTHENTICATION CODE | |
| Authentication code | dc |
| 100 10 - MAIN ENTRY--PERSONAL NAME | |
| Personal name | Le Moing, Monique |
| Relator term | author |
| 245 00 - TITLE STATEMENT | |
| Title | Christopher Moore, Sacré Bleu, traduit de l’anglais (États-Unis) par Luc Baranger, Paris, Gallimard, Folio, 2016, 555 pages |
| 260 ## - PUBLICATION, DISTRIBUTION, ETC. | |
| Date of publication, distribution, etc. | 2021.<br/> |
| 500 ## - GENERAL NOTE | |
| General note | 90 |
| 520 ## - SUMMARY, ETC. | |
| Summary, etc. | Depuis ses débuts, le tatouage est une pratique entourée de secrétisme. Par la présentation de quelques exemples classiques du tatouage, ainsi que de quelques-uns plus récents, irrévérents et inattendus, cet article cherche à explorer de nouvelles formes de cette pratique d’inscription corporelle qui nous conduisent à des conceptions imprévues et radicales du secret, dont le tatouage est toujours entouré. |
| 520 ## - SUMMARY, ETC. | |
| Summary, etc. | Ever since it first appeared, the practice of tattooing has always been surrounded by secrecy. This article presents examples of classical tattoos as well as some more recent ones that are irreverent and unexpected, and it looks into some of the new forms taken by this practice of body inscription. These new forms, in turn, point towards radical, unexpected notions of secrecy, since secrecy constantly surrounds the practice of tattooing. |
| 520 ## - SUMMARY, ETC. | |
| Summary, etc. | A tatuagem é, desde os seus primórdios, uma prática envolta em secretismos. Através da apresentação de alguns exemplos clássicos de tatuagem e de outros mais recentes, mas também mais irreverentes e inesperados, este artigo procura explorar novas formas assumidas por esta prática da inscrição corporal que nos conduzem a concepções imprevistas e radicais do segredo. |
| 786 0# - DATA SOURCE ENTRY | |
| Note | Sigila | 47 | 1 | 2021-05-31 | p. 175a-176a | 1286-1715 |
| 856 41 - ELECTRONIC LOCATION AND ACCESS | |
| Uniform Resource Identifier | <a href="https://shs.cairn.info/revue-sigila-2021-1-page-175a?lang=fr&redirect-ssocas=7080">https://shs.cairn.info/revue-sigila-2021-1-page-175a?lang=fr&redirect-ssocas=7080</a> |
Pas d'exemplaire disponible.




Réseaux sociaux